| 000 | 00515nam a2200169 i 4500 | ||
|---|---|---|---|
| 001 | 150852 | ||
| 003 | ES-MaACL | ||
| 005 | 20230906203729.0 | ||
| 007 | t| | ||
| 008 | 071115s1913 sp ||||1| spa d | ||
| 100 | 1 |
_aVindel, Pedro ( _d1865-1921) _9115322 |
|
| 245 | 1 | 0 |
_aCatálogo de libros escogidos / _cpor Pedro Vindel. |
| 260 |
_aMadrid : _bP. Vindel, _c1913 ( _fSuc. de Minuesa de los Ríos) |
||
| 300 |
_a516 p. ; _c24 cm. |
||
| 650 | 1 | 4 |
_aLibros- _vCatálogos de subastas. _914429 |
| 852 |
_aES-MaACL _jG-9132 |
||
| 999 |
_c150852 _d150852 |
||